Metalcore Bands, Part 2 - Statistics

General Stats
  • This quiz has been taken 92 times
  • The average score is 10 of 25
Answer Stats
Hint Answer % Correct
RATATATA, We Got the Moves, Tekkno Train Electric Callboy
77%
A Grave Mistake, The Shower Scene, The American Nightmare Ice Nine Kills
76%
My Curse, The End of Heartache, Holy Diver Killswitch Engage
76%
Divide, FEEL NOTHING, Forgotten The Plot In You
55%
Blinded, My Own Grave, Burden As I Lay Dying
53%
Akudama, Sucks 2 Suck, A Quiet Place to Die Alpha Wolf
50%
Remember Me, Better Days, Kill the Ache Currents
50%
on the verge, grayout, dwell thrown
49%
Clockwork, Bloodline, Quantum Flux Northlane
47%
Ghost of Me, Erase Me, Doomswitch Make Them Suffer
46%
All of This is Fleeting, The Remedy, Hypermania Polaris
46%
White Washed, Exhumed, Mariana's Trench August Burns Red
41%
Snowblood, Crawl Backwards out of Heaven, ANYTHING > HUMAN ERRA
38%
Antpile, Self-Destruct, Supreme Ruler Kublai Khan TX
36%
When Everything Means Nothing, Breaking the Mirror, Backbreaker Fit For A King
35%
Concubine, Dark Horse, Fault and Fracture Converge
28%
Better Written Villain, Unreasonable Doubt, Say The Phrase 156/Silence
27%
Dial Tone, Shame On Me, 21 Gun Salute Catch Your Breath
26%
One For The Money, Situations, Broken Heart Escape The Fate
24%
Memphis Will Be Laid to Waste, Orphan Twin, Blueprints for Future Homes Norma Jean
23%
Bury Your Pain, Nowhere Left to Sink, Ameliorate Like Moths to Flames
22%
Is Survived By, My Body is a Cage, Darkness Shared Boundaries
20%
With Loving Arms Disfigured, Whispers of Your Death, Love Me Counterparts
16%
Cowards Feed Cowards Bleed, Until Mourning Comes, Lost in the Fall Dying Wish
12%
Forever, Swallowing the Rabbit Whole, Bleeding in the Blur Code Orange
11%
No matching quizzes found
Score Distribution
Percent of People with Each Score
Percentile by Number Answered
Your Score History
You have not taken this quiz